Fábulas de Gunter : (Registro nro. 4471)
[ vista simple ]
| 000 -LEADER | |
|---|---|
| fixed length control field | 00993nam a2200229Ia 4500 |
| 003 - CONTROL NUMBER IDENTIFIER | |
| control field | OSt |
| 005 - DATE AND TIME OF LATEST TRANSACTION | |
| control field | 20200518144244.0 |
| 008 - FIXED-LENGTH DATA ELEMENTS--GENERAL INFORMATION | |
| fixed length control field | 191128s2009 ck a br 000 j spa d |
| 020 ## - INTERNATIONAL STANDARD BOOK NUMBER | |
| International Standard Book Number | 9789588334233 |
| 040 ## - CATALOGING SOURCE | |
| Original cataloging agency | CO-JMCR |
| Transcribing agency | CO-JMCR |
| 041 ## - LANGUAGE CODE | |
| Language code of text/sound track or separate title | spa |
| 082 04 - DEWEY DECIMAL CLASSIFICATION NUMBER | |
| Classification number | C / |
| Edition number | PAUf |
| 100 1# - MAIN ENTRY--PERSONAL NAME | |
| Personal name | Pauli, Gunter, |
| Dates associated with a name | 1956 |
| Relator term | autor |
| 9 (RLIN) | 4481 |
| 245 10 - TITLE STATEMENT | |
| Title | Fábulas de Gunter : |
| Remainder of title | vivienda / |
| Statement of responsibility, etc. | Gunter Pauli |
| 250 ## - EDITION STATEMENT | |
| Edition statement | Primera edición |
| 260 ## - PUBLICATION, DISTRIBUTION, ETC. | |
| Place of publication, distribution, etc. | Bogotá : |
| Name of publisher, distributor, etc. | Fundación Hogares Juveniles Campesinos, |
| Date of publication, distribution, etc. | 2009 |
| 300 ## - PHYSICAL DESCRIPTION | |
| Extent | 167 páginas : |
| Other physical details | ilustraciones a color ; |
| Dimensions | 28 cm. |
| 505 ## - FORMATTED CONTENTS NOTE | |
| Formatted contents note | ¿Dónde está mi casa? -- Cultiva una casa -- ¿Por qué no me quieren? -- ¡No me dejes solo! -- ¡Rasca mi espalda! |
| 520 ## - SUMMARY, ETC. | |
| Summary, etc. | Estas fábulas han sido diseñadas para exponer la ciencia a los niños. La ciencia exacta no propone una única verdad, sino que nos estimula a observar y a hacernospreguntas acerca de lo que no podemos entender o explicar. |
| 650 14 - SUBJECT ADDED ENTRY--TOPICAL TERM | |
| Topical term or geographic name entry element | Cuentos infantiles |
| 9 (RLIN) | 4487 |
| 942 ## - ADDED ENTRY ELEMENTS (KOHA) | |
| Source of classification or shelving scheme | Dewey Decimal Classification |
| Koha item type | Books |
| Withdrawn status | Lost status | Source of classification or shelving scheme | Damaged status | Not for loan | Collection code | Home library | Current library | Date acquired | Source of acquisition | Cost, normal purchase price | Total Checkouts | Total Renewals | Full call number | Barcode | Date last seen | Date last checked out | Copy number | Koha item type |
|---|---|---|---|---|---|---|---|---|---|---|---|---|---|---|---|---|---|---|
| Dewey Decimal Classification | Fiction | Biblioteca Pública José María del Castillo y Rada | Biblioteca Pública José María del Castillo y Rada | 11/28/2019 | Donación | 0.00 | 6 | 3 | C / PAUf | 201809341 | 03/10/2026 | 03/10/2026 | T.4 Ej.1 | Books |